000 00732cam a2200229 a 4500
001 000019899
005 20200929170201.0
008 000608s2002 sp 000 1 spa d
020 _a8439598203
040 _aDO-SdBNP
_bspa
_cLC
_dBNPHU
082 _a863.64
_bM364r
100 1 _aMarsé, Juan,
_d1933-
_921688
245 1 0 _aRabos de lagartija /
_cJuan Marsé.
260 _aBarcelona :
_bPlaneta-DeAgostini,
_c2002.
300 _a355 p. ;
_c26 cm.
490 1 _aLos Grandes Autores de la Narrativa Española Actual
650 4 _aNovela española
_91123
650 4 _aLiteratura española
_9632
830 0 _aLos Grandes Autores de la Narrativa Española Actual
_942449
910 _aCatalogación derivada / LC
049 _aBNGR
999 _c19412
_d19412